The valuation of individual new-build homes (Record no. 121171)
[ view plain ]
| 000 -LEADER | |
|---|---|
| fixed length control field | 01734cad a22003375a 4500 |
| 001 - CONTROL NUMBER | |
| control field | K121171 |
| 008 - FIXED-LENGTH DATA ELEMENTS--GENERAL INFORMATION | |
| fixed length control field | 121204s2019 xxk f v 000 0 eng d |
| 020 ## - INTERNATIONAL STANDARD BOOK NUMBER | |
| ISBN | 9781783213818 |
| 035 ## - SYSTEM CONTROL NUMBER | |
| System control number | (Sirsi) u157139 |
| 041 ## - LANGUAGE CODE | |
| Language code of text/sound track or separate title | eng |
| 050 04 - Library of Congress Classification | |
| Class mark | 333.332 $2 18 |
| 100 ## - MAIN ENTRY--PERSONAL NAME | |
| Personal author | Swinburne, Nick |
| 110 2# - MAIN ENTRY--CORPORATE NAME | |
| Corporate author | Royal Institution of Chartered Surveyors |
| 245 04 - TITLE STATEMENT | |
| Title | The valuation of individual new-build homes |
| Subtitle | RICS guidance note, UK |
| 250 ## - EDITION | |
| Edition statement | 3rd . |
| 260 ## - PUBLICATION INFORMATION | |
| Place of publication | London |
| Publisher | RICS |
| Date | 2019 |
| 300 ## - PHYSICAL DESCRIPTION | |
| Physical description | ii 29. |
| Dimensions | 30 cm |
| 490 #0 - SERIES TITLE | |
| Series statement | RICS professional standards and guidance, UK |
| 520 ## - ABSTRACT | |
| Abstract | Provides guidance for valuation of property that is yet to be occupied for the first time, or occupied for the first time in its current form, either because it is a new construction, a conversion, or a renovation from an earlier use. Discusses the approach to the valuation of such a new-build property, which may be one unit on a large, part-developed site, a one-off new home, or a conversion in a former building. Factors for consideration include state of the new-build market, reviewing instructions, inspection, modern methods of construction, comparable evidence, assessing market value, and finally producing the valuation report |
| 520 ## - ABSTRACT | |
| Abstract | Supersedes 2 ed 9781842197783 |
| 521 ## - TARGET AUDIENCE NOTE | |
| Target audience note | Advanced |
| 611 ## - SUBJECT ADDED ENTRY--MEETING NAME | |
| Meeting name or jurisdiction name as entry element | New build |
| 650 ## - KEYWORDS | |
| Keywords | Special assumptions |
| 650 ## - KEYWORDS | |
| Keywords | Modern methods of construction |
| 650 ## - KEYWORDS | |
| Keywords | Comparable evidence |
| 650 ## - KEYWORDS | |
| Keywords | Market value |
| 651 #4 - SUBJECT ADDED ENTRY--GEOGRAPHIC NAME | |
| Geographic name | United Kingdom |
| 690 ## - BROAD SUBJECT | |
| Broad subject | Valuation |
| 9 (RLIN) | 6273 |
| 856 40 - ONLINE RESOURCE | |
| Uniform Resource Identifier | <a href="https://www.rics.org/profession-standards/rics-standards-and-guidance/sector-standards/valuation-standards/new-build-homes-3rd-edition">https://www.rics.org/profession-standards/rics-standards-and-guidance/sector-standards/valuation-standards/new-build-homes-3rd-edition</a> |
| Public note | View the guidance at rics.org |
| 942 ## - ADDED ENTRY ELEMENTS (KOHA) | |
| Suppress in OPAC | Do not suppress in OPAC |
| Lost status | Source of classification or shelving scheme | Damaged status | Not for loan | Home library | Current library | Shelving location | Date acquired | Total Checkouts | Date last seen | Price effective from | Koha item type |
|---|---|---|---|---|---|---|---|---|---|---|---|
| Dewey Decimal Classification | Virtual | Virtual | Online | 03/12/2019 | 23/03/2023 | 03/12/2019 | Online material |